zpět

Detail výsledku týmu

Sen Viet, Jirkov

Datum a čas kvízu

15.5 Celkem bodů Celkový počet nahraných bodů na tomto kvízu bez doplňovacích otázek.
6. Pořadí na kvízu Konečné umístění týmu na tomto kvízu.

Zaznamenané odpovědi

# Otázka Odpověď Body Výsledky
1. Minulou středu schválila sněmo... Od roku 2027. 1
2. Vláda jednoho z karibských ost... Barbados 0
3. Jistá 26letá česká zpěvačka, z... Markéta Konvičková 1
4. Další z obchodních řetězců pů... Lidl 0
5. Hokejový útočník a bronzový me... Rostislav Olesz 0
6. Po dějinách Ukrajiny, které js... Arpádovci 0
7. Jak se nazývá město v jižním M... Moháč 0
8. Jak se jmenoval dočasný státní... Maďarská republika rad 0
9. Období mezi lety 1969–1989 v M... János Kádár 0
10. Napište šestipísmennou zkratku... Fidesz 0